000 00468nam a22001937a 4500
005 20251027162149.0
008 251027b |||||||| |||| 00| 0 eng d
037 _cTB
040 _aAL
_cAL
041 _2ENG
_aENG
084 _bAL
100 _aHonneth
_9849607
245 _aStruggle for recognition
260 _bPolity,
_c1996.
300 _a298p.
365 _b39.50
_cPD
942 _2CC
_cTB
_n0
999 _c1465070
_d1465070